000 00572nam a2200181Ia 4500
008 240925s9999 xx 000 0 und d
020 _a9789694073873
082 _a621.3822 HAS
100 _aHasnain , S.K
245 0 _aDigital Signal Processing: computer laboratory practical work book using DSP toolbox & blocksets in Matlab including TI TMS C6713 DSK
250 _a3rd
260 _aKarachi:
_bRoyal Books
_c,2011.
300 _axxviii, 668p.
_b0
_fOriginal
500 _aIncludes Index
600 _aElectronic Engineering
650 _aTechnology
942 _cBK
999 _c12511
_d12511